[Event "Leipzig VfB op 18th"]
[Site "Leipzig"]
[Date "2011.03.25"]
[Round "6"]
[White "Schuetzhold, Frank"]
[Black "Baumgarten, Thomas"]
[Result "1/2-1/2"]
[WhiteElo "1902"]
[BlackElo "1935"]
[PlyCount "67"]
[EventDate "2011.03.20"]
[EventType "swiss"]
[EventRounds "9"]
[EventCountry "GER"]
[SourceTitle "CBM 141 Extra"]
[Source "ChessBase"]
[SourceDate "2011.05.03"]
[SourceVersion "1"]
[SourceVersionDate "2011.05.03"]
[SourceQuality "1"]

1. b3 c5 2. Bb2 Nf6 3. e3 e6 4. f4 d6 5. Bb5+ Nbd7 6. Nf3 a6 7. Bxd7+ Bxd7 8. d3 Qc7 9. e4 Be7 10. c4 0-0 11. Qe2 Bc6 12. Nbd2 b5 13. 0-0 Qb7 14. e5 Nd7 15. exd6 Bxd6 16. Ng5 Rae8 17. Nge4 Be7 18. Qg4 g6 19. f5 exf5 20. Rxf5 bxc4 21. Raf1 Bd5 22. Rh5 f6 23. Rh6 Rf7 24. dxc4 Bxe4 25. Nxe4 Bf8 26. Rxg6+ hxg6 27. Qxg6+ Bg7 28. Qxf7+ Kxf7 29. Nd6+ Kg6 30. Nxb7 Re2 31. Rf2 Re1+ 32. Rf1 Re2 33. Rf2 Re1+ 34. Rf1 1/2-1/2

[Event "Leipzig VfB op 18th"]
[Site "Leipzig"]
[Date "2011.03.23"]
[Round "3"]
[White "Baumgarten, Thomas"]
[Black "Schreiter, Thomas"]
[Result "0-1"]
[WhiteElo "1935"]
[BlackElo "2104"]
[PlyCount "90"]
[EventDate "2011.03.20"]
[EventType "swiss"]
[EventRounds "9"]
[EventCountry "GER"]
[SourceTitle "CBM 141 Extra"]
[Source "ChessBase"]
[SourceDate "2011.05.03"]
[SourceVersion "1"]
[SourceVersionDate "2011.05.03"]
[SourceQuality "1"]

1. d4 d5 2. Nf3 Nf6 3. c4 e6 4. Nc3 Be7 5. e3 0-0 6. Bd3 b6 7. cxd5 exd5 8. 0-0 Re8 9. Ne5 Bb7 10. f4 a6 11. Qf3 c5 12. Kh1 Nc6 13. Nxc6 Bxc6 14. Bd2 Bd6 15. Rad1 Qc7 16. Bb1 Rad8 17. Qg3 Qd7 18. h3 b5 19. a3 Qa7 20. Bc1 a5 21. Qf2 b4 22. axb4 axb4 23. Ne2 Bb5 24. g4 Ne4 25. Bxe4 Rxe4 26. Ng3 Re6 27. Rfe1 Qa4 28. Nf5 c4 29. Qg2 Bf8 30. Ng3 Ree8 31. Bd2 Qb3 32. Ra1 Bc6 33. h4 Ra8 34. Rxa8 Rxa8 35. Bc1 Ra2 36. Qf3 Qc2 37. Qd1 Qf2 38. Rg1 Ba4 39. Qe1 Qc2 40. Rg2 Qd1 41. Re2 c3 42. Kg2 Qxe1 43. Rxe1 cxb2 44. Bxb2 Rxb2+ 45. Kg1 Bc2 0-1

[Event "EU-chT Seniors 11th"]
[Site "Velden"]
[Date "2009.04.06"]
[Round "2"]
[White "Nilsen, Kai"]
[Black "Baumgarten, Thomas"]
[Result "1/2-1/2"]
[WhiteElo "1877"]
[BlackElo "1831"]
[PlyCount "98"]
[EventDate "2009.04.05"]
[EventType "team-swiss"]
[EventRounds "9"]
[EventCountry "AUT"]
[SourceTitle "CBM 129 Extra"]
[Source "ChessBase"]
[SourceDate "2009.05.05"]
[SourceVersion "2"]
[SourceVersionDate "2009.05.20"]
[SourceQuality "1"]

1. e4 c6 2. d4 d5 3. Nc3 dxe4 4. Nxe4 Bf5 5. Ng3 Bg6 6. Nf3 Nd7 7. h4 h6 8. h5 Bh7 9. Bd3 Bxd3 10. Qxd3 Qc7 11. Be3 e6 12. 0-0-0 Ngf6 13. Ne2 Bd6 14. Nd2 Ng4 15. Ne4 Be7 16. Kb1 Nxe3 17. fxe3 0-0-0 18. Qb3 Nf6 19. Nxf6 Bxf6 20. Nf4 e5 21. dxe5 Bxe5 22. g3 Rxd1+ 23. Rxd1 Re8 24. Qd3 Bf6 25. Qf5+ Kb8 26. Qd3 Qb6 27. Qd6+ Ka8 28. Qa3 Qxe3 29. Qxe3 Rxe3 30. Rg1 b6 31. Kc1 Bg5 32. Kd1 Kb7 33. Ne2 c5 34. Rf1 Bf6 35. c3 Re5 36. Nf4 Kc6 37. Kc2 c4 38. Rf2 Re3 39. Rg2 Be5 40. Ne2 f6 41. Nf4 Bd6 42. a4 Re1 43. Ne2 Bc5 44. Nf4 Re5 45. g4 Re4 46. Ng6 Bd6 47. Nh4 Re5 48. Nf5 Bf8 49. Rd2 Re8 1/2-1/2

[Event "Leipzig VfB op 16th"]
[Site "Leipzig"]
[Date "2009.04.03"]
[Round "6"]
[White "Baumgarten, Thomas"]
[Black "Beyer, Till"]
[Result "1/2-1/2"]
[WhiteElo "1831"]
[BlackElo "2034"]
[PlyCount "74"]
[EventDate "2009.03.31"]
[EventType "swiss"]
[EventRounds "9"]
[EventCountry "GER"]
[SourceTitle "EXT 2010"]
[Source "ChessBase"]
[SourceDate "2010.11.25"]
[SourceVersion "1"]
[SourceVersionDate "2010.11.25"]
[SourceQuality "1"]

1. d4 Nf6 2. Nf3 e6 3. c4 d5 4. Nc3 c6 5. e3 Nbd7 6. Bd3 Bd6 7. 0-0 0-0 8. e4 dxe4 9. Nxe4 Nxe4 10. Bxe4 f5 11. Bc2 c5 12. Re1 Qb6 13. Ng5 Nf6 14. d5 e5 15. Ne6 Bxe6 16. dxe6 g6 17. Ba4 Kg7 18. Be3 Rad8 19. Qc1 f4 20. Bxf4 exf4 21. e7 Bxe7 22. Rxe7+ Rf7 23. Rxf7+ Kxf7 24. Qxf4 Qxb2 25. Re1 Qb4 26. Qe5 Rf8 27. Bd1 Qb6 28. Qf4 Qa5 29. Rf1 Kg7 30. Bf3 Rf7 31. Qe5 Qc7 32. Qc3 Qf4 33. Rd1 h5 34. g3 Qf5 35. h4 Kh7 36. Rd8 Ng8 37. Kg2 b6 1/2-1/2

[Event "Leipzig VfB op 16th"]
[Site "Leipzig"]
[Date "2009.04.01"]
[Round "3"]
[White "Herrmann, Markus"]
[Black "Baumgarten, Thomas"]
[Result "1-0"]
[WhiteElo "1992"]
[BlackElo "1831"]
[PlyCount "129"]
[EventDate "2009.03.31"]
[EventType "swiss"]
[EventRounds "9"]
[EventCountry "GER"]
[SourceTitle "EXT 2010"]
[Source "ChessBase"]
[SourceDate "2010.11.25"]
[SourceVersion "1"]
[SourceVersionDate "2010.11.25"]
[SourceQuality "1"]

1. e4 c5 2. Nf3 a6 3. c4 e6 4. d4 cxd4 5. Nxd4 Qc7 6. Be2 b6 7. 0-0 Bb7 8. f3 Be7 9. Nc3 d6 10. Be3 Nd7 11. Qd2 Ngf6 12. Rfc1 Rc8 13. Rab1 0-0 14. b4 Rfe8 15. a4 Ne5 16. a5 bxa5 17. bxa5 Rb8 18. Na4 Nfd7 19. Nb6 Nxb6 20. axb6 Qd8 21. Nb3 Nd7 22. Na5 Qc8 23. c5 dxc5 24. Nxb7 Qxb7 25. Bxa6 Qxa6 26. Qxd7 Kf8 27. b7 Red8 28. Qc7 Qd6 29. Qxd6 Bxd6 30. Bxc5 Bxc5+ 31. Rxc5 Ke7 32. Rc7+ Rd7 33. Rxd7+ Kxd7 34. Kf2 e5 35. Kg3 Kc7 36. Kg4 Re8 37. b8Q+ Rxb8 38. Rxb8 Kxb8 39. Kf5 Kc7 40. Kxe5 Kd7 41. Kd5 Ke7 42. e5 g5 43. g3 Kd7 44. f4 gxf4 45. gxf4 Ke7 46. f5 Kd7 47. Kc5 Kc7 48. Kb5 Kd7 49. Kb6 Kd8 50. Kc6 Kc8 51. Kd6 Kd8 52. e6 fxe6 53. Kxe6 Ke8 54. Kf6 Kf8 55. h3 h6 56. Kg6 h5 57. Kxh5 Kf7 58. Kg5 Kg7 59. f6+ Kf7 60. h4 Kg8 61. Kf5 Kf7 62. h5 Kg8 63. Ke6 Kf8 64. h6 Kg8 65. Ke7 1-0

[Event "Mecklenburg VP LL1 0506"]
[Site "Mecklenburg VP"]
[Date "2005.12.11"]
[Round "4.3"]
[White "Baumgarten, Thomas"]
[Black "Nauschuetz, Ernst"]
[Result "0-1"]
[WhiteElo "1782"]
[BlackElo "1880"]
[PlyCount "90"]
[EventDate "2005.10.23"]
[EventType "team"]
[EventRounds "9"]
[EventCountry "GER"]
[SourceTitle "EXT 2008"]
[Source "ChessBase"]
[SourceDate "2007.11.25"]
[SourceVersion "1"]
[SourceVersionDate "2007.11.25"]
[SourceQuality "1"]
[WhiteTeam "Neubrandenburg SV Turbine"]
[BlackTeam "Greifswald II"]
[WhiteTeamCountry "GER"]
[BlackTeamCountry "GER"]

1. d4 d5 2. c4 e6 3. Nc3 c6 4. Nf3 Nf6 5. e3 Nbd7 6. Bd3 Bd6 7. cxd5 exd5 8. 0-0 0-0 9. Qc2 Re8 10. h3 Nf8 11. e4 dxe4 12. Nxe4 Nxe4 13. Bxe4 Bd7 14. Ng5 g6 15. Be3 Ne6 16. Nf3 Nf4 17. Ne5 Nd5 18. Bxd5 cxd5 19. Nxd7 Qxd7 20. Rac1 a6 21. Rfe1 Rac8 22. Qb3 Bf8 23. Rxc8 Rxc8 24. Rc1 Rxc1+ 25. Bxc1 Qc6 26. Qc3 Qc4 27. Qxc4 dxc4 28. Kf1 f6 29. Ke2 Kf7 30. b3 cxb3 31. axb3 Ke6 32. Kd3 Kd5 33. Bd2 Bd6 34. f3 b6 35. b4 Bc7 36. f4 f5 37. g4 a5 38. bxa5 bxa5 39. gxf5 gxf5 40. Bc1 a4 41. Ke3 Bd6 42. Kd3 a3 43. Bd2 a2 44. Bc3 Bxf4 45. Bb2 Bg5 0-1

[Event "Mecklenburg VP LL1 0405"]
[Site "Mecklenburg VP"]
[Date "2005.03.13"]
[Round "7.5"]
[White "Isigkeit, Hans Juergen"]
[Black "Baumgarten, Thomas"]
[Result "1/2-1/2"]
[WhiteElo "1673"]
[BlackElo "1630"]
[PlyCount "81"]
[EventDate "2004.10.24"]
[EventType "team"]
[EventRounds "9"]
[EventCountry "GER"]
[SourceTitle "EXT 2009"]
[Source "ChessBase"]
[SourceDate "2008.11.26"]
[SourceVersion "1"]
[SourceVersionDate "2008.11.26"]
[SourceQuality "1"]
[WhiteTeam "Stralsund II"]
[BlackTeam "Neubrandenburg SV Turbine"]
[WhiteTeamCountry "GER"]
[BlackTeamCountry "GER"]

1. d4 c5 2. d5 e5 3. c4 d6 4. Nc3 Be7 5. e4 Bg5 6. Nf3 Bxc1 7. Qxc1 Ne7 8. Bd3 0-0 9. 0-0 f5 10. exf5 Nxf5 11. Qc2 h6 12. h3 Nd4 13. Nxd4 cxd4 14. Ne4 b6 15. Qd2 Na6 16. b4 Rf4 17. Ng3 Qe7 18. Bc2 Bb7 19. a3 Rc8 20. Qd3 Qf7 21. Qh7+ Kf8 22. Nf5 Rd8 23. g3 Rf3 24. Nh4 Rf6 25. Bf5 Qg8 26. Qxg8+ Kxg8 27. Be6+ Kf8 28. Nf5 Nc7 29. Rfe1 Nxe6 30. dxe6 Rxe6 31. Nxd4 Rf6 32. Nb3 Rf3 33. Re3 Rc8 34. Rxf3+ Bxf3 35. Nd2 Bb7 36. Re1 Ba6 37. Re4 Bb7 38. Re3 Kf7 39. Ne4 Bxe4 40. Rxe4 Ke6 41. Kg2 1/2-1/2

[Event "Mecklenburg VP LL1 0405"]
[Site "Mecklenburg VP"]
[Date "2005.02.13"]
[Round "6.5"]
[White "Baumgarten, Thomas"]
[Black "Stemmler, Lysan"]
[Result "0-1"]
[WhiteElo "1630"]
[BlackElo "1734"]
[PlyCount "118"]
[EventDate "2004.10.24"]
[EventType "team"]
[EventRounds "9"]
[EventCountry "GER"]
[SourceTitle "EXT 2009"]
[Source "ChessBase"]
[SourceDate "2008.11.26"]
[SourceVersion "1"]
[SourceVersionDate "2008.11.26"]
[SourceQuality "1"]
[WhiteTeam "Neubrandenburg SV Turbine"]
[BlackTeam "Torgelow Droegeheide"]
[WhiteTeamCountry "GER"]
[BlackTeamCountry "GER"]

1. d4 Nf6 2. c4 g6 3. Nc3 Bg7 4. e4 d6 5. Nf3 0-0 6. Be2 e5 7. 0-0 Nc6 8. d5 Ne7 9. Ne1 Nd7 10. f4 f5 11. Nd3 fxe4 12. Nxe4 Nf5 13. fxe5 Nxe5 14. Nxe5 Bxe5 15. Bg5 Qe8 16. Qc2 h6 17. Bd2 Qe7 18. Bc3 Bd7 19. Bxe5 Qxe5 20. Nc3 Kg7 21. Qd2 Qd4+ 22. Qxd4+ Nxd4 23. Bd3 Rxf1+ 24. Kxf1 Rf8+ 25. Ke1 Bf5 26. Kd2 Bd7 27. Re1 g5 28. Re7+ Rf7 29. Rxf7+ Kxf7 30. Ke3 c5 31. b4 b6 32. bxc5 bxc5 33. Nb5 Nxb5 34. cxb5 Kf6 35. a4 Ke5 36. Bc4 Bc8 37. a5 Bb7 38. b6 axb6 39. axb6 Bc8 40. g3 Bb7 41. h4 Bc8 42. h5 Bb7 43. Be2 Bc8 44. Bg4 Ba6 45. Bf3 Bb7 46. Kd3 Bc8 47. Kc3 Bb7 48. Kb3 Kd4 49. Ka4 c4 50. Kb4 c3 51. Kb3 Kd3 52. Bg4 Bxd5+ 53. Kb4 Bb7 54. Bf5+ Kd2 55. Kb3 Bd5+ 56. Kb4 c2 57. b7 Bxb7 58. Bxc2 Kxc2 59. Kc4 d5+ 0-1

[Event "Mecklenburg VP LL1 0405"]
[Site "Mecklenburg VP"]
[Date "2004.11.28"]
[Round "3.4"]
[White "Baumgarten, Thomas"]
[Black "Jacobs, Hans Juergen"]
[Result "1-0"]
[WhiteElo "1630"]
[BlackElo "1996"]
[PlyCount "65"]
[EventDate "2004.10.24"]
[EventType "team"]
[EventRounds "9"]
[EventCountry "GER"]
[SourceTitle "EXT 2009"]
[Source "ChessBase"]
[SourceDate "2008.11.26"]
[SourceVersion "1"]
[SourceVersionDate "2008.11.26"]
[SourceQuality "1"]
[WhiteTeam "Neubrandenburg SV Turbine"]
[BlackTeam "Stralsund"]
[WhiteTeamCountry "GER"]
[BlackTeamCountry "GER"]

1. d4 d5 2. c4 c6 3. Nc3 Nf6 4. Nf3 e6 5. Bf4 Bd6 6. Bxd6 Qxd6 7. e3 Nbd7 8. cxd5 exd5 9. Bd3 0-0 10. 0-0 Re8 11. Qc2 h6 12. Rfe1 b6 13. e4 dxe4 14. Nxe4 Nxe4 15. Bxe4 Bb7 16. Re3 Rac8 17. Rae1 Nf6 18. Bh7+ Kf8 19. Bf5 Rxe3 20. Rxe3 Re8 21. Rxe8+ Kxe8 22. Bd3 Kf8 23. Qc4 c5 24. dxc5 bxc5 25. Nd2 Bd5 26. Qc3 Ng4 27. g3 Qe7 28. Nc4 Bxc4 29. Bxc4 Qe5 30. Qf3 Nf6 31. Qa8+ Ke7 32. Qxa7+ Kf8 33. Qxf7# 1-0

[Event "Greifswald Ryck op"]
[Site "Greifswald"]
[Date "2004.08.26"]
[Round "1"]
[White "Ksieski, Zbigniew"]
[Black "Baumgarten, Thomas"]
[Result "1-0"]
[WhiteElo "2383"]
[BlackElo "1630"]
[PlyCount "79"]
[EventDate "2004.08.26"]
[EventType "swiss"]
[EventRounds "7"]
[EventCountry "GER"]
[SourceTitle "EXT 2023"]
[Source "ChessBase"]
[SourceDate "2022.10.05"]
[SourceVersion "1"]
[SourceVersionDate "2022.10.05"]
[SourceQuality "1"]

1. d4 c5 2. d5 e5 3. c4 d6 4. Nc3 Be7 5. e4 a6 6. Nf3 Bg4 7. Qb3 Qc8 8. Nd2 Nd7 9. h4 h6 10. f3 Bh5 11. g3 Bg6 12. Bh3 Qc7 13. Nf1 Ngf6 14. Ne3 Nh5 15. Kf2 Bh7 16. Qa4 0-0-0 17. Bd2 Kb8 18. Ne2 Nb6 19. Qc2 g5 20. hxg5 Bxg5 21. a4 Rdf8 22. a5 Na8 23. Bf5 Bg6 24. Ra3 Ng7 25. b4 Bxf5 26. exf5 cxb4 27. Bxb4 Qd7 28. f4 exf4 29. gxf4 Be7 30. Bc3 f6 31. Rb3 Rc8 32. Nd4 Ka7 33. Ne6 Nxe6 34. fxe6 Qd8 35. Bd4+ Kb8 36. Rxb7+ Kxb7 37. Qb3+ Nb6 38. Bxb6 Qe8 39. Bd4+ Ka8 40. Qb6 1-0